Countries with Seven Letters - Statistics

General Stats
  • This quiz has been taken 70 times
    62 since last reset
  • The average score is 28 of 46
Answer Stats
Answer % Correct
Finland
91%
Germany
85%
Andorra
83%
Denmark
83%
Iceland
83%
Belgium
81%
Ireland
81%
Bahamas
79%
Albania
77%
Hungary
77%
Austria
74%
Croatia
74%
Estonia
72%
Bolivia
70%
Jamaica
70%
Romania
70%
Belarus
68%
Grenada
66%
Tunisia
66%
Algeria
64%
Namibia
64%
Ukraine
64%
Uruguay
64%
Armenia
62%
Armenia
62%
Nigeria
62%
Vietnam
62%
Burundi
57%
Eritrea
57%
Ecuador
55%
Somalia
55%
Georgia
53%
Georgia
53%
Moldova
53%
Morocco
51%
Bahrain
49%
Vanuatu
49%
Senegal
47%
Comoros
45%
Lebanon
45%
Lesotho
45%
Liberia
45%
Myanmar
40%
D.R. Congo
6%
Türkiye
4%
Türkiye
4%
No matching quizzes found
Score Distribution
Percent of People with Each Score
Percentile by Number Answered
Your Score History
You have not taken this quiz since the last reset